000 00936cam a2200265 a 4500
001 3236
005 20250903101121.0
020 _a9780531292891
040 _aDLC
_cDLC
_beng
050 0 0 _aGA130.O55
082 0 0 _a912.01
100 1 _aOlien, Rebecca
245 1 0 _aMap keys /
_cby Olien, Robecca
260 _aNew York :
_bScholastic ,
_c2013
300 _a32 pages :
_bcolor illustrations, maps ;
_c21 cm.
490 0 _aRookie read-about geography
505 _aF
520 _aMaps vary widely in complexity, from simple road maps to detailed topographical maps. Readers will learn why map keys are important and how to use them to interpret the data on different kinds of maps.
521 _a350
_bLexile
521 _aF
_bRaz-Plus
650 0 _aMap reading
_vJuvenile literature.
650 0 _aMaps
_xSymbols
_vJuvenile literature.
906 _a7
_bcbc
_corignew
_d1
_eecip
_f20
_gy-gencatlg
942 _2ddc
_cBK
_n0
999 _c3236
_d3236